000 00517nam a2200205 a 4500
001 BRCA_6725
005 20190320205551.0
008 191011s1921----gw-#######---#000-0#ger-#
041 _ager
044 _agw
050 4 _aPT2617
_b.O86 K4 1921
100 1 _aHorn, Robert Wilhelm
_d1875-
_916799
245 1 0 _aKer-Ali
_bRoman
_cvon F. R. Nord.
260 _aStuttgar y BerlĂ­n
_bAnstalt
_c1921
300 _a340 p.
_c18 cm.
500 _aL59
650 1 4 _aLiteratura Alemana
_96160
902 _aGFM
942 _2lcc
_cB
999 _c6408
_d6408